|
|
|
|
| LEADER |
00000nam a2200000 a 4500 |
| 001 |
vtls001330847 |
| 003 |
SK-MaSNL |
| 005 |
20260301160224.0 |
| 008 |
251113s1998 DE a ger |
| 020 |
|
|
|a 3806744912
|c b.c.
|
| 035 |
|
|
|a SNK000283720
|
| 035 |
|
|
|a urn:nbn:sk:snk-amlrae
|
| 035 |
|
|
|a urn:nbn:sk:snk-am00c9u5
|
| 035 |
|
|
|a 2EFA4822-9E89-40DD-952E-0B650233DB60
|
| 040 |
|
|
|a SNK
|b slo
|c SNK
|e AACR2
|
| 041 |
0 |
|
|a ger
|
| 044 |
|
|
|a DE
|
| 080 |
|
|
|a 591.9(253)(084.12)
|2 1981
|
| 080 |
|
|
|a 581.5(253)(084.12)
|2 1981
|
| 100 |
1 |
|
|a Greenaway, Theresa
|4 aut
|9 290510
|
| 245 |
1 |
0 |
|a Regenwald
|b eine Reise in den artenreichsten Lebensraum der Erde - die tropischen Wälder Mittel- und Südamerikas, Afrikas, Asiens und Australiens
|c Text von Theresa Greenaway ; Fotos von Geoff Dann ; [aus dem Englischen übersetzt und bearbeitet von Margot Wilhelmi]
|
| 260 |
|
|
|a Hildesheim
|b Gerstenberg
|c 1998
|e [Martin
|f Neografia]
|
| 300 |
|
|
|a 64 s.
|c 29 cm
|
| 490 |
1 |
|
|a Sehen. Staunen. Wissen
|
| 650 |
0 |
7 |
|a živočíchy
|x džungľa
|x knihy detské ilustrované
|2 SNK
|9 290511
|
| 650 |
0 |
7 |
|a rastliny
|x džungľa
|x knihy detské ilustrované
|2 SNK
|9 290512
|
| 700 |
1 |
|
|a Dann, Geoff
|4 pht
|9 41295
|
| 830 |
|
0 |
|a Sehen. Staunen. Wissen
|9 521474
|
| 919 |
|
|
|a 3-8067-4491-2
|
| 999 |
|
|
|c 804530
|d 806460
|
| 952 |
|
|
|t P60, <03>, [BOOK], {603}
|a SNK
|b SNK
|y PREZ
|7 0
|p 17A0140971
|o snkSB 58842
|i snkKSP 5332/98
|0 0
|1 0
|4 0
|d 1998-05-20
|f 1
|l 0
|r 2017-06-30 00:00:00
|w 2026-02-24
|